Board Game Objectives - Statistics

General Stats
  • This quiz has been taken 1,164 times
    1,163 since last reset
  • The average score is 13 of 18
Answer Stats
Hint Answer % Correct
Obtain property and send opponents into financial ruin. Monopoly
98%
Determine a murderer, weapon, and the scene of the crime. Clue
94%
Use letter tiles to create words. Scrabble
94%
Sink enemy vessels by guessing grid spaces. Battleship
93%
Capture the king by moving pieces that each have different rules. Chess
93%
Diagonally jump opponents' pieces and get crowned king. Checkers
91%
Take over world territories in dice battles. Risk
85%
Make decisions about career and family to retire wealthy. Life
81%
Construct elaborate contraptions for vermin control. Mousetrap
79%
Answer questions about obscure facts in six different categories. Trivial Pursuit
78%
Travel through 100 spaces, occasionally sliding down or climbing up. Chutes and Ladders
71%
Get your four same-colored pieces around the board to home. Sorry
68%
Navigate a dessert-themed world with a colorful path. Candyland
66%
Capture your enemy's flag while keeping your soldiers' ranks secret. Stratego
51%
Move your pieces clockwise from row to row to get them home. Backgammon
34%
Flip game pieces over to get your own color to dominate. Reversi
34%
Move gemstones between pockets to try to gather the most. Mancala
33%
Guess the correct order of a four-color combination. Mastermind
30%
No matching quizzes found
Score Distribution
Percent of People with Each Score
Percentile by Number Answered
Your Score History
You have not taken this quiz since the last reset